ഐത്തിഹ്യാമല :ക്ഷേത്ര മഹാത്മ്യ കഥക്കൽ / (Record no. 178096)

MARC details
000 -LEADER
fixed length control field 00764nam a22001697a 4500
010 ## - LCCN (DPL NO)
LC control number MAL-9233
020 ## - INTERNATIONAL STANDARD BOOK NUMBER
International Standard Book Number 978-81-8268-050-0
Terms of availability 300.00
035 ## - SYSTEM CONTROL NUMBER
System control number MA-8690
082 ## - DEWEY DECIMAL CLASSIFICATION NUMBER
Classification number
100 ## - MAIN ENTRY--PERSONAL NAME
Personal name കോട്ടാരത്തിൽ , ശങ്കുണ്ണി
245 ## - TITLE STATEMENT
Title ഐത്തിഹ്യാമല :ക്ഷേത്ര മഹാത്മ്യ കഥക്കൽ /
Statement of responsibility, etc കോട്ടാരത്തിൽ , ശങ്കുണ്ണി
246 ## - VARYING FORM OF TITLE
Title proper/short title AITHIHYAMALA : KSHETHRA MAHATMYA KATHAKAL
260 ## - PUBLICATION, DISTRIBUTION, ETC. (IMPRINT)
Place of publication, distribution, etc Kozhikode , Keralam India
Name of publisher, distributor, etc The Mathrubhumi Printing and Publishing Co,Ltd.
Date of publication, distribution, etc 2019
270 ## - ADDRESS
Address The Mathrubhumi Printing and Publishing Co,Ltd.,Kozhikode , Keralam India
300 ## - PHYSICAL DESCRIPTION
Extent ix, 382p.
Other physical details 21cm(pbk.)
942 ## - ADDED ENTRY ELEMENTS (KOHA)
Source of classification or shelving scheme Dewey Decimal Classification
Item type Malayalam Bks
Classification part
Call number prefix കോ
Holdings
Withdrawn status Lost status Not for loan Collection code Home library Current library Date acquired Source of acquisition Cost, normal purchase price Full call number Barcode Copy number Cost, replacement price Koha item type
      Fiction Central Library Central Library 17/03/2021 DBAD/PUB 300.00 MA-8690 1 300.00 Malayalam Bks

© Delhi Public Library
Hit Counter
free hit counter